00484 2200193 4500245004500000020002200045250001100067100002000078700001700098700001900115650001700134005001900151260004100170041001400211084001300225300003200238336000900270338001100279 aBaby Steps Vol. 7cHikaru, KatsukihText a978-602-02-3599-8 aCet. 1 aHikaru, Katsuki aFitri Annisa aHendy Reginald aKomik Jepang a20230202090956 aJakartabElex Media Komputindoc2014 aIndonesia a741.5592 a... jil. :bilus. ;c17 cm. atext avolume